[Event "Yingmei Cup CHN-chT 2017"]
[Site "Guangdong"]
[Date "2017.12.05"]
[Round "22"]
[White "Sun, Fanghui"]
[Black "Guo, Qi"]
[Result "1-0"]
[WhiteElo "2126"]
[BlackElo "2394"]
[Annotator "TA"]
[PlyCount "139"]
[EventDate "2017.??.??"]
[EventCountry "CHN"]
[SourceTitle "playchess.com"]
[Source "ChessBase"]
[SourceQuality "1"]

{[%evp 19,139,12,41,13,12,30,27,7,0,0,0,0,0,7,25,-2,0,0,17,0,0,0,51,5,3,0,0,-9,13,-9,0,-13,0,0,0,0,39,34,41,35,20,0,0,0,0,0,0,0,0,-9,0,-9,0,0,0,0,0,-11,-9,-11,-9,-7,56,56,66,37,45,39,41,12,79,77,78,77,79,79,79,78,82,64,64,64,70,64,64,64,64,64,64,39,64,26,77,77,252,241,10592,10681,11807,12688,12752,12372,12450,12772,12029,11996,7400,7290,29976,29976,29981,29982,29981,29982,29983,29984,29983,29984,29986,29986,29987,29987]} 1. e4 e5 2. Nf3 Nc6 3. Bb5 a6 4. Ba4 Nge7 5. Nc3 g6 (5... d6 6. O-O h6 7. a3 g6 8. d4 Bd7 9. dxe5 dxe5 10. Be3 Bg7 11. Bb3 Bg4 12. Nd5 Nd4 13. Bxd4 exd4 14. h3 Bxf3 15. Qxf3 O-O 16. Nxe7+ {½-½ (16) Salgado Lopez,I (2615)-Ipatov,A (2621) Kocaeli 2015}) 6. d4 {C70: Ruy Lopez: 3...a6 4 Ba4, Norwegian and Delayed Schliemann} exd4 7. Nd5 Bg7 8. Bg5 h6 9. Bf6 Bxf6 10. Nxf6+ Kf8 {LiveBook: 15 Games} 11. O-O Kg7 12. Nd5 $1 d6 13. Nxd4 Nxd5 $146 14. Nxc6 bxc6 15. exd5 cxd5 16. Qxd5 Rb8 17. Bb3 {[%csl Gb3][%cal Rd5f7]} Rf8 18. Rfe1 Rb5 19. Qd4+ Qf6 20. Rad1 Bb7 ({Black should try} 20... Be6 $11) 21. Qxf6+ (21. Re7 {keeps more tension.} Re5 22. Rxe5 dxe5 23. Qc3 Bc6 24. h4) 21... Kxf6 22. Rd4 g5 23. f3 Rd8 24. Rd3 Rc5 25. Rde3 (25. Ree3 {seems wilder.} a5 26. Kf2 Rb5 27. Rd1 Ra8 28. a4) 25... Re5 26. Kf2 Rxe3 27. Rxe3 $11 {[%mdl 4096] Endgame KRB-KRB} d5 28. Rc3 Rc8 29. Rc5 Ke6 30. Ke3 Kd6 31. Kd4 {[%cal Rb3d5]} c6 32. c4 {[%cal Rc4d5]} Re8 $1 33. cxd5 cxd5 34. Rc2 ({Avoid the trap} 34. Bxd5 $2 Re5 $19) 34... Re1 35. Rd2 Bc6 36. Bc2 a5 37. Bd3 Bd7 38. Bc2 h5 39. g3 Bb5 40. Bb3 f6 (40... Re5 $11) 41. Bxd5 $14 f5 42. Bf7 h4 43. gxh4 gxh4 44. Bg6 Bc6 (44... Bd7 $11) 45. Bxf5 $16 Bxf3 46. Rf2 Bd5 47. a3 Rd1+ 48. Bd3 Be6 49. b4 axb4 50. axb4 Bd7 51. Rf6+ Ke7 52. Rf3 Kd6 53. Kc3 Rc1+ 54. Kd2 Rg1 55. Rf2 Bc6 (55... Ra1 $11) 56. Ke3 (56. Rf6+ {is interesting.} Kc7 57. b5 Rg2+ 58. Kc3 Bxb5 59. Bxb5 Rxh2 60. Rh6) 56... Rg4 $2 {[#]} (56... Bd7 $16 {might work better.}) 57. Rf4 $1 $18 {[%cal Rf4g4]} Rxf4 $2 (57... Rg5 58. Rxh4 Bb5 59. Rd4+ Ke6 60. Bxb5 Rxb5) 58. Kxf4 {KB-KB} Bd7 59. Bc4 h3 60. Kg3 Kc6 61. Bf1 Be6 62. Bxh3 Bc4 63. Bf5 Kb5 64. h4 {[%cal Bh2h4,Bh4h5,Bh5h6][%mdl 32] White mates.} Kxb4 65. h5 Kc5 66. h6 Bg8 67. Kf4 (67. h7 Bxh7 $11) 67... Kd6 68. Kg5 ({Stronger than} 68. h7 Bxh7 $11) 68... Ke7 69. Kg6 ({Worse is} 69. h7 Bxh7 $11) 69... Kf8 {[#]} 70. Kf6 $1 {Precision: White = 57%, Black = 45%.} 1-0

[Event "Yingmei Cup CHN-chT 2017"]
[Site "Guangdong"]
[Date "2017.12.05"]
[Round "22"]
[White "Hong, Xing"]
[Black "Shen, Yang"]
[Result "0-1"]
[WhiteElo "2023"]
[BlackElo "2473"]
[Annotator "TA"]
[PlyCount "100"]
[EventDate "2017.??.??"]
[EventCountry "CHN"]
[SourceTitle "playchess.com"]
[Source "ChessBase"]
[SourceQuality "1"]

{[%evp 16,100,12,9,19,14,9,14,24,5,15,27,20,-56,-56,-91,-74,-95,-45,-114,-38,-37,-33,-21,-6,-39,-31,-74,-59,-61,-68,-42,-30,-25,-34,-111,-123,-177,-167,-199,-191,-198,-199,-211,-202,-230,-141,-126,-102,-141,-145,-154,-149,-160,-158,-210,-214,-204,-152,-144,-142,-188,-197,-195,-182,-182,-182,-236,-182,-317,-292,-469,-287,-647,-647,-621,-631,-756,-740,-779,-775,-1270,-1246,-1801,-1645,-3222,-1245]} 1. e4 e5 2. Nf3 Nc6 3. Nc3 Nf6 4. d4 exd4 5. Nxd4 Bc5 6. Nxc6 bxc6 7. Bd3 d6 8. Bg5 h6 9. Bh4 {LiveBook: 8 Partien} Be6 {C47: Schottisches Vierspringerspiel} (9... a5 10. h3 Be6 11. O-O g5 12. Bg3 Nd7 13. Qe2 Rb8 14. Bc4 Bxc4 15. Qxc4 Rxb2 16. e5 d5 17. Nxd5 cxd5 {½-½ (36) Ding,Y (2441)-Shen,Y (2460) Wuxi 2015}) 10. Na4 $146 {Schwarz sollte e5! verhindern.} ({Vorgänger:} 10. O-O g5 11. Bg3 h5 12. h4 Ng4 13. hxg5 Qxg5 14. Qf3 O-O-O 15. e5 d5 16. Na4 Bb6 17. Nxb6+ cxb6 {0-1 (27) Grewenig,J (1409)-Niedermayer,J (1190) Willingen 2006}) 10... Bd4 11. Ba6 c5 {Die Stellung ist ausgeglichen.} 12. c3 Be5 13. O-O {zielt auf f4 ab.} g5 14. f4 ({Günstiger ist} 14. Bg3 $11) 14... gxf4 $15 (14... Bxf4 $6 15. Rxf4 $1 {[%mdl 512]} gxh4 16. e5 $11) 15. Bb5+ Kf8 $1 16. Qc1 Rb8 17. Bc6 {[#]} (17. Be2 $15) 17... Bd7 (17... Rg8 $1 $17 18. Rxf4 Rg6) 18. Bxd7 Qxd7 19. Bxf6 $1 Bxf6 20. Qxf4 Be5 $1 $36 {[%cal Re5f4][%mdl 2048] Schwarz kämpft um Vorteil.} 21. Qf5 ({Ein No Go ist} 21. Nxc5 Qe8 $17) 21... Qxf5 22. Rxf5 c4 23. Raf1 Rh7 24. Nc5 Ke7 25. R1f2 ({Besser ist} 25. Na6 $1 $15 Rxb2 26. Nxc7) 25... c6 $17 26. g3 (26. Na6 $17 Rb6 27. Nc5) 26... f6 $19 27. Na4 Rb5 28. Kg2 Ke6 29. Rh5 Ra5 ({Auf keinen Fall} 29... Bxg3 30. Rxb5 Bxf2 31. Rb4 $15) 30. b3 cxb3 31. axb3 {[#]} Bxc3 $1 {[%mdl 512]} 32. Rhf5 (32. Nxc3 Rxh5) 32... Be5 33. Nb2 Rb5 34. R5f3 Rhb7 35. Nc4 {[#]} (35. Nd3 $17 {kämpft weiter.}) 35... Bd4 $1 {[%cal Rd4f2]} ({Viel schwächer ist} 35... Rxb3 36. Nxe5 Kxe5 37. Rf5+ Kxe4 38. Rxf6 $17) 36. Rd2 Bc5 37. Rdd3 a5 38. Nd2 Rb4 39. g4 Rg7 40. h3 h5 {[%cal Bh6h5,Bh5g4][%mdl 32]} 41. Rf4 (41. Rg3 {war nötig.}) 41... hxg4 42. h4 (42. Rxg4 {ist der einzige Weg für Weiss..} Rxg4+ 43. hxg4) 42... Bd4 43. Rf1 $2 (43. Nc4 {war die einzige Verteidigung.} c5 44. Nxa5) 43... Be5 44. Rd1 $2 (44. Nc4) 44... a4 {Schwarz steht klar auf Gewinn.} 45. bxa4 Rxa4 46. Kf2 Rh7 47. Rh1 Bf4 48. Nb3 Ra2+ 49. Kg1 c5 50. Rc3 Ke5 {Precision: Weiß = 25%, Schwarz = 78%.} (50... Rb7 $142 51. Kf1 g3) 0-1